000 00246nam a22000977a 4500
041 _aeng
080 _a80
100 _aФалькович, М. М.
245 _aЛексический справочник по англ. языку.
999 _c280519
_d280519
942 _cBK